<?xml version="1.0" encoding="UTF-8"?>
<record
    xmlns:xsi="http://www.w3.org/2001/XMLSchema-instance"
    xsi:schemaLocation="http://www.loc.gov/MARC21/slim http://www.loc.gov/standards/marcxml/schema/MARC21slim.xsd"
    xmlns="http://www.loc.gov/MARC21/slim">

  <leader>00442nam a2200181   4500</leader>
  <controlfield tag="003">SEACOMEC</controlfield>
  <controlfield tag="005">20240523114817.0</controlfield>
  <controlfield tag="008">240523b        |||||||| |||| 00| 0 eng d</controlfield>
  <datafield tag="020" ind1=" " ind2=" ">
    <subfield code="c">Rs.325.00</subfield>
  </datafield>
  <datafield tag="040" ind1=" " ind2=" ">
    <subfield code="a">SEACOMEC</subfield>
  </datafield>
  <datafield tag="082" ind1=" " ind2=" ">
    <subfield code="a">541</subfield>
    <subfield code="b">R162</subfield>
  </datafield>
  <datafield tag="100" ind1=" " ind2=" ">
    <subfield code="a"> Rakshit, P.C</subfield>
  </datafield>
  <datafield tag="245" ind1="1" ind2=" ">
    <subfield code="a">Physical chemistry</subfield>
    <subfield code="c">P.C. Rakshit</subfield>
  </datafield>
  <datafield tag="250" ind1=" " ind2=" ">
    <subfield code="a">rev.7th ed.</subfield>
  </datafield>
  <datafield tag="260" ind1=" " ind2=" ">
    <subfield code="a"> Calcutta </subfield>
    <subfield code="b"> Sarat book house </subfield>
    <subfield code="c"> 2004</subfield>
  </datafield>
  <datafield tag="650" ind1=" " ind2=" ">
    <subfield code="a"> Chemistry</subfield>
  </datafield>
  <datafield tag="942" ind1=" " ind2=" ">
    <subfield code="c">BOOK</subfield>
  </datafield>
  <datafield tag="952" ind1=" " ind2=" ">
    <subfield code="0">0</subfield>
    <subfield code="1">0</subfield>
    <subfield code="2">ddc</subfield>
    <subfield code="4">0</subfield>
    <subfield code="7">0</subfield>
    <subfield code="a">SEACOMEC</subfield>
    <subfield code="b">SEACOMEC</subfield>
    <subfield code="d">2007-03-06</subfield>
    <subfield code="l">0</subfield>
    <subfield code="o">541 R162</subfield>
    <subfield code="p">6206</subfield>
    <subfield code="r">2024-07-05 12:29:57</subfield>
    <subfield code="w">2024-07-05</subfield>
    <subfield code="y">BOOK</subfield>
  </datafield>
  <datafield tag="952" ind1=" " ind2=" ">
    <subfield code="0">0</subfield>
    <subfield code="1">0</subfield>
    <subfield code="2">ddc</subfield>
    <subfield code="4">0</subfield>
    <subfield code="7">0</subfield>
    <subfield code="a">SEACOMEC</subfield>
    <subfield code="b">SEACOMEC</subfield>
    <subfield code="d">2007-03-06</subfield>
    <subfield code="l">0</subfield>
    <subfield code="o">541 R162</subfield>
    <subfield code="p">6207</subfield>
    <subfield code="r">2024-07-05 12:30:42</subfield>
    <subfield code="t">1</subfield>
    <subfield code="w">2024-07-05</subfield>
    <subfield code="y">BOOK</subfield>
  </datafield>
  <datafield tag="952" ind1=" " ind2=" ">
    <subfield code="0">0</subfield>
    <subfield code="1">0</subfield>
    <subfield code="2">ddc</subfield>
    <subfield code="4">0</subfield>
    <subfield code="7">0</subfield>
    <subfield code="a">SEACOMEC</subfield>
    <subfield code="b">SEACOMEC</subfield>
    <subfield code="d">2007-03-06</subfield>
    <subfield code="l">0</subfield>
    <subfield code="o">541 R162</subfield>
    <subfield code="p">6208</subfield>
    <subfield code="r">2024-07-05 12:30:42</subfield>
    <subfield code="t">2</subfield>
    <subfield code="w">2024-07-05</subfield>
    <subfield code="y">BOOK</subfield>
  </datafield>
  <datafield tag="952" ind1=" " ind2=" ">
    <subfield code="0">0</subfield>
    <subfield code="1">0</subfield>
    <subfield code="2">ddc</subfield>
    <subfield code="4">0</subfield>
    <subfield code="7">0</subfield>
    <subfield code="a">SEACOMEC</subfield>
    <subfield code="b">SEACOMEC</subfield>
    <subfield code="d">2007-03-06</subfield>
    <subfield code="l">0</subfield>
    <subfield code="o">541 R162</subfield>
    <subfield code="p">6209</subfield>
    <subfield code="r">2024-07-05 12:30:42</subfield>
    <subfield code="t">3</subfield>
    <subfield code="w">2024-07-05</subfield>
    <subfield code="y">BOOK</subfield>
  </datafield>
  <datafield tag="952" ind1=" " ind2=" ">
    <subfield code="0">0</subfield>
    <subfield code="1">0</subfield>
    <subfield code="2">ddc</subfield>
    <subfield code="4">0</subfield>
    <subfield code="7">0</subfield>
    <subfield code="a">SEACOMEC</subfield>
    <subfield code="b">SEACOMEC</subfield>
    <subfield code="d">2007-03-06</subfield>
    <subfield code="l">0</subfield>
    <subfield code="o">541 R162</subfield>
    <subfield code="p">6210</subfield>
    <subfield code="r">2024-07-05 12:30:42</subfield>
    <subfield code="t">4</subfield>
    <subfield code="w">2024-07-05</subfield>
    <subfield code="y">BOOK</subfield>
  </datafield>
  <datafield tag="952" ind1=" " ind2=" ">
    <subfield code="0">0</subfield>
    <subfield code="1">0</subfield>
    <subfield code="2">ddc</subfield>
    <subfield code="4">0</subfield>
    <subfield code="7">0</subfield>
    <subfield code="a">SEACOMEC</subfield>
    <subfield code="b">SEACOMEC</subfield>
    <subfield code="d">2007-03-06</subfield>
    <subfield code="l">0</subfield>
    <subfield code="o">541 R162</subfield>
    <subfield code="p">6211</subfield>
    <subfield code="r">2024-07-05 12:30:42</subfield>
    <subfield code="t">5</subfield>
    <subfield code="w">2024-07-05</subfield>
    <subfield code="y">BOOK</subfield>
  </datafield>
  <datafield tag="952" ind1=" " ind2=" ">
    <subfield code="0">0</subfield>
    <subfield code="1">0</subfield>
    <subfield code="2">ddc</subfield>
    <subfield code="4">0</subfield>
    <subfield code="7">0</subfield>
    <subfield code="a">SEACOMEC</subfield>
    <subfield code="b">SEACOMEC</subfield>
    <subfield code="d">2007-03-06</subfield>
    <subfield code="l">0</subfield>
    <subfield code="o">541 R162</subfield>
    <subfield code="p">6212</subfield>
    <subfield code="r">2024-07-05 12:30:42</subfield>
    <subfield code="t">6</subfield>
    <subfield code="w">2024-07-05</subfield>
    <subfield code="y">BOOK</subfield>
  </datafield>
  <datafield tag="952" ind1=" " ind2=" ">
    <subfield code="0">0</subfield>
    <subfield code="1">0</subfield>
    <subfield code="2">ddc</subfield>
    <subfield code="4">0</subfield>
    <subfield code="7">0</subfield>
    <subfield code="a">SEACOMEC</subfield>
    <subfield code="b">SEACOMEC</subfield>
    <subfield code="d">2007-03-06</subfield>
    <subfield code="l">0</subfield>
    <subfield code="o">541 R162</subfield>
    <subfield code="p">6213</subfield>
    <subfield code="r">2024-07-05 12:30:42</subfield>
    <subfield code="t">7</subfield>
    <subfield code="w">2024-07-05</subfield>
    <subfield code="y">BOOK</subfield>
  </datafield>
  <datafield tag="952" ind1=" " ind2=" ">
    <subfield code="0">0</subfield>
    <subfield code="1">0</subfield>
    <subfield code="2">ddc</subfield>
    <subfield code="4">0</subfield>
    <subfield code="7">0</subfield>
    <subfield code="a">SEACOMEC</subfield>
    <subfield code="b">SEACOMEC</subfield>
    <subfield code="d">2007-03-06</subfield>
    <subfield code="l">0</subfield>
    <subfield code="o">541 R162</subfield>
    <subfield code="p">6214</subfield>
    <subfield code="r">2024-07-05 12:30:42</subfield>
    <subfield code="t">8</subfield>
    <subfield code="w">2024-07-05</subfield>
    <subfield code="y">BOOK</subfield>
  </datafield>
  <datafield tag="952" ind1=" " ind2=" ">
    <subfield code="0">0</subfield>
    <subfield code="1">0</subfield>
    <subfield code="2">ddc</subfield>
    <subfield code="4">0</subfield>
    <subfield code="7">0</subfield>
    <subfield code="a">SEACOMEC</subfield>
    <subfield code="b">SEACOMEC</subfield>
    <subfield code="d">2007-03-06</subfield>
    <subfield code="l">0</subfield>
    <subfield code="o">541 R162</subfield>
    <subfield code="p">6215</subfield>
    <subfield code="r">2024-07-05 12:30:42</subfield>
    <subfield code="t">9</subfield>
    <subfield code="w">2024-07-05</subfield>
    <subfield code="y">BOOK</subfield>
  </datafield>
  <datafield tag="952" ind1=" " ind2=" ">
    <subfield code="0">0</subfield>
    <subfield code="1">0</subfield>
    <subfield code="2">ddc</subfield>
    <subfield code="4">0</subfield>
    <subfield code="7">0</subfield>
    <subfield code="a">SEACOMEC</subfield>
    <subfield code="b">SEACOMEC</subfield>
    <subfield code="d">2008-01-22</subfield>
    <subfield code="l">0</subfield>
    <subfield code="o">541 R162</subfield>
    <subfield code="p">9164</subfield>
    <subfield code="r">2024-07-05 12:31:22</subfield>
    <subfield code="t">10</subfield>
    <subfield code="w">2024-07-05</subfield>
    <subfield code="y">BOOK</subfield>
  </datafield>
  <datafield tag="952" ind1=" " ind2=" ">
    <subfield code="0">0</subfield>
    <subfield code="1">0</subfield>
    <subfield code="2">ddc</subfield>
    <subfield code="4">0</subfield>
    <subfield code="7">0</subfield>
    <subfield code="a">SEACOMEC</subfield>
    <subfield code="b">SEACOMEC</subfield>
    <subfield code="d">2008-01-22</subfield>
    <subfield code="l">0</subfield>
    <subfield code="o">541 R162</subfield>
    <subfield code="p">9165</subfield>
    <subfield code="r">2024-07-05 12:31:22</subfield>
    <subfield code="t">11</subfield>
    <subfield code="w">2024-07-05</subfield>
    <subfield code="y">BOOK</subfield>
  </datafield>
  <datafield tag="952" ind1=" " ind2=" ">
    <subfield code="0">0</subfield>
    <subfield code="1">0</subfield>
    <subfield code="2">ddc</subfield>
    <subfield code="4">0</subfield>
    <subfield code="7">0</subfield>
    <subfield code="a">SEACOMEC</subfield>
    <subfield code="b">SEACOMEC</subfield>
    <subfield code="d">2008-01-22</subfield>
    <subfield code="l">0</subfield>
    <subfield code="o">541 R162</subfield>
    <subfield code="p">9166</subfield>
    <subfield code="r">2024-07-05 12:31:22</subfield>
    <subfield code="t">12</subfield>
    <subfield code="w">2024-07-05</subfield>
    <subfield code="y">BOOK</subfield>
  </datafield>
  <datafield tag="952" ind1=" " ind2=" ">
    <subfield code="0">0</subfield>
    <subfield code="1">0</subfield>
    <subfield code="2">ddc</subfield>
    <subfield code="4">0</subfield>
    <subfield code="7">0</subfield>
    <subfield code="a">SEACOMEC</subfield>
    <subfield code="b">SEACOMEC</subfield>
    <subfield code="d">2008-01-22</subfield>
    <subfield code="l">0</subfield>
    <subfield code="o">541 R162</subfield>
    <subfield code="p">9167</subfield>
    <subfield code="r">2024-07-05 12:31:22</subfield>
    <subfield code="t">13</subfield>
    <subfield code="w">2024-07-05</subfield>
    <subfield code="y">BOOK</subfield>
  </datafield>
  <datafield tag="952" ind1=" " ind2=" ">
    <subfield code="0">0</subfield>
    <subfield code="1">0</subfield>
    <subfield code="2">ddc</subfield>
    <subfield code="4">0</subfield>
    <subfield code="7">0</subfield>
    <subfield code="a">SEACOMEC</subfield>
    <subfield code="b">SEACOMEC</subfield>
    <subfield code="d">2008-01-22</subfield>
    <subfield code="l">0</subfield>
    <subfield code="o">541 R162</subfield>
    <subfield code="p">9168</subfield>
    <subfield code="r">2024-07-05 12:31:22</subfield>
    <subfield code="t">14</subfield>
    <subfield code="w">2024-07-05</subfield>
    <subfield code="y">BOOK</subfield>
  </datafield>
  <datafield tag="952" ind1=" " ind2=" ">
    <subfield code="0">0</subfield>
    <subfield code="1">0</subfield>
    <subfield code="2">ddc</subfield>
    <subfield code="4">0</subfield>
    <subfield code="7">0</subfield>
    <subfield code="a">SEACOMEC</subfield>
    <subfield code="b">SEACOMEC</subfield>
    <subfield code="d">2008-01-22</subfield>
    <subfield code="l">0</subfield>
    <subfield code="o">541 R162</subfield>
    <subfield code="p">9169</subfield>
    <subfield code="r">2024-07-05 12:31:22</subfield>
    <subfield code="t">15</subfield>
    <subfield code="w">2024-07-05</subfield>
    <subfield code="y">BOOK</subfield>
  </datafield>
  <datafield tag="952" ind1=" " ind2=" ">
    <subfield code="0">0</subfield>
    <subfield code="1">0</subfield>
    <subfield code="2">ddc</subfield>
    <subfield code="4">0</subfield>
    <subfield code="7">0</subfield>
    <subfield code="a">SEACOMEC</subfield>
    <subfield code="b">SEACOMEC</subfield>
    <subfield code="d">2008-01-22</subfield>
    <subfield code="l">0</subfield>
    <subfield code="o">541 R162</subfield>
    <subfield code="p">9170</subfield>
    <subfield code="r">2024-07-05 12:31:22</subfield>
    <subfield code="t">16</subfield>
    <subfield code="w">2024-07-05</subfield>
    <subfield code="y">BOOK</subfield>
  </datafield>
  <datafield tag="952" ind1=" " ind2=" ">
    <subfield code="0">0</subfield>
    <subfield code="1">0</subfield>
    <subfield code="2">ddc</subfield>
    <subfield code="4">0</subfield>
    <subfield code="7">0</subfield>
    <subfield code="a">SEACOMEC</subfield>
    <subfield code="b">SEACOMEC</subfield>
    <subfield code="d">2008-01-22</subfield>
    <subfield code="l">0</subfield>
    <subfield code="o">541 R162</subfield>
    <subfield code="p">9171</subfield>
    <subfield code="r">2024-07-05 12:31:22</subfield>
    <subfield code="t">17</subfield>
    <subfield code="w">2024-07-05</subfield>
    <subfield code="y">BOOK</subfield>
  </datafield>
  <datafield tag="952" ind1=" " ind2=" ">
    <subfield code="0">0</subfield>
    <subfield code="1">0</subfield>
    <subfield code="2">ddc</subfield>
    <subfield code="4">0</subfield>
    <subfield code="7">0</subfield>
    <subfield code="a">SEACOMEC</subfield>
    <subfield code="b">SEACOMEC</subfield>
    <subfield code="d">2008-01-22</subfield>
    <subfield code="l">0</subfield>
    <subfield code="o">541 R162</subfield>
    <subfield code="p">9172</subfield>
    <subfield code="r">2024-07-05 12:31:22</subfield>
    <subfield code="t">18</subfield>
    <subfield code="w">2024-07-05</subfield>
    <subfield code="y">BOOK</subfield>
  </datafield>
  <datafield tag="952" ind1=" " ind2=" ">
    <subfield code="0">0</subfield>
    <subfield code="1">0</subfield>
    <subfield code="2">ddc</subfield>
    <subfield code="4">0</subfield>
    <subfield code="7">0</subfield>
    <subfield code="a">SEACOMEC</subfield>
    <subfield code="b">SEACOMEC</subfield>
    <subfield code="d">2008-01-22</subfield>
    <subfield code="l">0</subfield>
    <subfield code="o">541 R162</subfield>
    <subfield code="p">9173</subfield>
    <subfield code="r">2024-07-05 12:31:22</subfield>
    <subfield code="t">19</subfield>
    <subfield code="w">2024-07-05</subfield>
    <subfield code="y">BOOK</subfield>
  </datafield>
  <datafield tag="999" ind1=" " ind2=" ">
    <subfield code="c">1182</subfield>
    <subfield code="d">1182</subfield>
  </datafield>
</record>
